[Event "Seefeld op 19th"]
[Site "Seefeld"]
[Date "2008.09.12"]
[Round "8"]
[White "Abraham, Helmut"]
[Black "Bretscher, Robert"]
[Result "0-1"]
[WhiteElo "1817"]
[BlackElo "1660"]
[PlyCount "66"]
[EventDate "2008.09.05"]
[EventType "swiss"]
[EventRounds "9"]
[EventCountry "AUT"]
[SourceTitle "EXT 2019"]
[Source "ChessBase"]
[SourceDate "2018.10.10"]
[SourceVersion "1"]
[SourceVersionDate "2018.10.10"]
[SourceQuality "1"]

1. e4 e5 2. Nc3 Nf6 3. Bc4 Be7 4. f4 d6 5. Nf3 exf4 6. 0-0 Bg4 7. d3 g5 8. Nd5 Nc6 9. c3 Ne5 10. Nxf6+ Bxf6 11. Bb3 0-0 12. Qe2 Qd7 13. Bd1 Bxf3 14. Rxf3 Nxf3+ 15. Qxf3 c6 16. Qh5 Kg7 17. Bg4 Qe7 18. Bf5 h6 19. Bd2 Qc7 20. Kf1 Qb6 21. Rb1 Qb5 22. Qe2 Rae8 23. h4 Rh8 24. h5 d5 25. Qf3 dxe4 26. Bxe4 Qa4 27. d4 Qxa2 28. Kf2 Qe6 29. Re1 Qd7 30. Kf1 Qd6 31. Ra1 a6 32. Ra4 Qe6 33. Rb4 Qxe4 0-1

[Event "Seefeld op 19th"]
[Site "Seefeld"]
[Date "2008.09.10"]
[Round "6"]
[White "Lettenbichler, Marco"]
[Black "Bretscher, Robert"]
[Result "1/2-1/2"]
[WhiteElo "1558"]
[BlackElo "1660"]
[PlyCount "45"]
[EventDate "2008.09.05"]
[EventType "swiss"]
[EventRounds "9"]
[EventCountry "AUT"]
[SourceTitle "EXT 2010"]
[Source "ChessBase"]
[SourceDate "2010.11.25"]
[SourceVersion "1"]
[SourceVersionDate "2010.11.25"]
[SourceQuality "1"]

1. e4 e5 2. Nc3 Nf6 3. g3 Be7 4. Bg2 d6 5. Nge2 Nc6 6. 0-0 0-0 7. h3 Rb8 8. Kh2 h6 9. d3 Nh7 10. f4 exf4 11. Bxf4 Bg5 12. Qd2 a6 13. Nd5 Be6 14. Ne3 Qd7 15. Bxg5 hxg5 16. Nf5 f6 17. Ned4 Nxd4 18. Nxd4 Bf7 19. Qa5 Rfe8 20. Qf5 Qd8 21. a3 Re5 22. Qf2 Nf8 23. Rab1 1/2-1/2

[Event "Bad Woerishofen op 24th"]
[Site "Bad Woerishofen"]
[Date "2008.03.01"]
[Round "3"]
[White "Bretscher, Robert"]
[Black "Malzer, Werner"]
[Result "0-1"]
[WhiteElo "1456"]
[BlackElo "1842"]
[PlyCount "128"]
[EventDate "2008.02.28"]
[EventType "swiss"]
[EventRounds "9"]
[EventCountry "GER"]
[SourceTitle "EXT 2022"]
[Source "ChessBase"]
[SourceDate "2021.10.06"]
[SourceVersion "1"]
[SourceVersionDate "2021.10.06"]
[SourceQuality "1"]

1. e4 c5 2. Nf3 a6 3. d4 cxd4 4. Nxd4 Nc6 5. Be2 e6 6. 0-0 Be7 7. Kh1 Nf6 8. Nc3 d6 9. f4 0-0 10. Nb3 Qc7 11. Qe1 b5 12. Bd3 Bb7 13. Qg3 Nb4 14. f5 Kh8 15. Bg5 Nxd3 16. cxd3 Nh5 17. Qe3 Nf6 18. Rac1 Qd8 19. Qe2 Rc8 20. fxe6 fxe6 21. Nd4 Qd7 22. Nf3 b4 23. Nd1 Rxc1 24. Bxc1 e5 25. Ne3 g6 26. Nc4 Kg7 27. Be3 Ng4 28. Bg1 Qe6 29. h3 Nh6 30. Be3 Nf7 31. Rc1 Rc8 32. Qd2 d5 33. exd5 Bxd5 34. Qe2 Bf6 35. b3 Rc6 36. Bd2 Qe7 37. Ne3 Rxc1+ 38. Bxc1 Bb7 39. Ng4 a5 40. Nxf6 Qxf6 41. Nd2 Qf4 42. Bb2 Kh6 43. Nc4 e4 44. dxe4 Bxe4 45. Nxa5 Ng5 46. Qg4 Qxg4 47. hxg4 Ne6 48. Kh2 Nf4 49. Bc1 g5 50. Bxf4 gxf4 51. Nc4 Bd3 52. Kh3 Kg5 53. Nd2 Kf6 54. Kh4 Ke5 55. Kg5 Bc2 56. Nc4+ Ke4 57. Na5 Bd3 58. Nc6 Bf1 59. Kh4 Bxg2 60. Nxb4 h6 61. a4 Kd4 62. Nc2+ Kc3 63. Ne1 Bd5 64. Kh3 Kd2 0-1

[Event "Bad Woerishofen op 24th"]
[Site "Bad Woerishofen"]
[Date "2008.02.29"]
[Round "2"]
[White "Buchaeckert, Juergen"]
[Black "Bretscher, Robert"]
[Result "1/2-1/2"]
[WhiteElo "1799"]
[BlackElo "1456"]
[PlyCount "95"]
[EventDate "2008.02.28"]
[EventType "swiss"]
[EventRounds "9"]
[EventCountry "GER"]
[SourceTitle "EXT 2022"]
[Source "ChessBase"]
[SourceDate "2021.10.06"]
[SourceVersion "1"]
[SourceVersionDate "2021.10.06"]
[SourceQuality "1"]

1. e4 e5 2. Nf3 Nc6 3. d4 exd4 4. Nxd4 Nf6 5. Nc3 Be7 6. Bf4 d6 7. Bc4 0-0 8. Qd2 Ne5 9. Bb3 a6 10. 0-0-0 c5 11. Bxe5 dxe5 12. Nf3 Qc7 13. Bd5 Rb8 14. h4 Bg4 15. Rdg1 b5 16. Nh2 b4 17. Ne2 Bxe2 18. Qxe2 Rfd8 19. Bc4 a5 20. g4 Rd4 21. f3 Rbd8 22. Rd1 Ne8 23. g5 Nd6 24. Bd5 c4 25. Ng4 Nb5 26. Rxd4 Nxd4 27. Qxc4 Qxc4 28. Bxc4 Nxf3 29. Rh3 Nxh4 30. Bd3 Bxg5+ 31. Kd1 Ng6 32. Rg3 f6 33. b3 Nf4 34. Nh2 Nxd3 35. Rxd3 Rxd3+ 36. cxd3 Be3 37. Ke2 Bd4 38. Kf3 h5 39. Nf1 g5 40. Ng3 h4 41. Nf5 Kf7 42. Kg4 Bb6 43. Nd6+ Ke6 44. Nf5 Bf2 45. Kf3 Bg3 46. Kg4 Bf4 47. Kh3 Kd7 48. Kg4 1/2-1/2

[Event "Seefeld op 18th"]
[Site "Seefeld"]
[Date "2007.09.06"]
[Round "6"]
[White "Bretscher, Robert"]
[Black "Berkemeier, Juergen"]
[Result "0-1"]
[WhiteElo "1656"]
[BlackElo "1917"]
[PlyCount "66"]
[EventDate "2007.09.01"]
[EventType "swiss"]
[EventRounds "9"]
[EventCountry "AUT"]
[SourceTitle "EXT 2009"]
[Source "ChessBase"]
[SourceDate "2008.11.26"]
[SourceVersion "1"]
[SourceVersionDate "2008.11.26"]
[SourceQuality "1"]

1. e4 c5 2. Nf3 e6 3. d4 cxd4 4. Nxd4 Bc5 5. Nb3 Bb6 6. Bd3 Ne7 7. 0-0 0-0 8. Kh1 f5 9. f3 Nbc6 10. Nc3 f4 11. Ne2 g5 12. Bd2 Rf6 13. Be1 Rh6 14. Bf2 d5 15. Bxb6 axb6 16. Qe1 Qe8 17. g3 e5 18. g4 Be6 19. a3 d4 20. Nd2 Qf7 21. b3 Na5 22. a4 Rc8 23. Nb1 Nec6 24. Na3 Qf8 25. Bb5 Nb4 26. Qb1 Qc5 27. Rc1 d3 28. cxd3 Qf2 29. Rxc8+ Bxc8 30. Qg1 Qxe2 31. Rc1 Qxf3+ 32. Qg2 Qxg2+ 33. Kxg2 Bxg4 0-1

[Event "Seefeld op 18th"]
[Site "Seefeld"]
[Date "2007.09.04"]
[Round "4"]
[White "Bretscher, Robert"]
[Black "Handl, Hans"]
[Result "0-1"]
[WhiteElo "1656"]
[BlackElo "1599"]
[PlyCount "80"]
[EventDate "2007.09.01"]
[EventType "swiss"]
[EventRounds "9"]
[EventCountry "AUT"]
[SourceTitle "EXT 2009"]
[Source "ChessBase"]
[SourceDate "2008.11.26"]
[SourceVersion "1"]
[SourceVersionDate "2008.11.26"]
[SourceQuality "1"]

1. e4 e5 2. Nf3 Nc6 3. Bb5 Nge7 4. d3 a6 5. Ba4 b5 6. Bb3 h6 7. Nc3 Ng6 8. Nd5 Na5 9. 0-0 Nxb3 10. axb3 c6 11. Ne3 d6 12. Bd2 Be7 13. Ba5 Qd7 14. Nf5 Bf6 15. Ng3 Rb8 16. Bd2 Qb7 17. h3 Be6 18. b4 Nf4 19. c3 Nxd3 20. Qc2 Nf4 21. Bxf4 exf4 22. Nh5 Be5 23. Nxe5 dxe5 24. Nxg7+ Ke7 25. Nxe6 fxe6 26. f3 Rhg8 27. Qf2 Rg3 28. Qc5+ Kf6 29. Kh1 Rbg8 30. Rg1 Qf7 31. Qf2 Qh5 32. Raf1 R8g5 33. Qd2 Qe8 34. Rf2 Rh5 35. Qd1 Qe7 36. Rd2 Kg6 37. Re2 Qh4 38. Rf2 Rhg5 39. Re2 Kh5 40. Qd8 Rxh3+ 0-1

[Event "Seefeld op 18th"]
[Site "Seefeld"]
[Date "2007.09.02"]
[Round "2"]
[White "Plock, Christian"]
[Black "Bretscher, Robert"]
[Result "1-0"]
[WhiteElo "1986"]
[BlackElo "1656"]
[PlyCount "77"]
[EventDate "2007.09.01"]
[EventType "swiss"]
[EventRounds "9"]
[EventCountry "AUT"]
[SourceTitle "EXT 2009"]
[Source "ChessBase"]
[SourceDate "2008.11.26"]
[SourceVersion "1"]
[SourceVersionDate "2008.11.26"]
[SourceQuality "1"]

1. e4 e5 2. Nf3 Nc6 3. Bb5 a6 4. Bxc6 dxc6 5. 0-0 Bg4 6. h3 Bxf3 7. Qxf3 Nf6 8. d3 Qd6 9. Qf5 g6 10. Qf3 Bg7 11. Nd2 0-0 12. Nc4 Qe6 13. Qe2 Nh5 14. Be3 Nf4 15. Qd2 Qf6 16. g3 Nh5 17. Kg2 Qe6 18. Qe2 Nf6 19. Na5 b6 20. Nc4 c5 21. Bg5 h6 22. Bxf6 Qxf6 23. Ne3 h5 24. Nd5 Qd6 25. Qd2 Rab8 26. g4 hxg4 27. hxg4 f5 28. gxf5 gxf5 29. f3 f4 30. Rh1 Qg6+ 31. Kf1 Kf7 32. Qg2 Qd6 33. Rg1 Rg8 34. Qh3 Bf6 35. Qh5+ Ke6 36. Qf5+ Kf7 37. Qh7+ Rg7 38. Qh5+ Ke6 39. Rxg7 1-0

[Event "Seefeld Seniors op 1st"]
[Site "Seefeld"]
[Date "2005.09.22"]
[Round "4.5"]
[White "Xander, Karl"]
[Black "Bretscher, Robert"]
[Result "1-0"]
[WhiteElo "1841"]
[BlackElo "1536"]
[PlyCount "150"]
[EventDate "2005.09.19"]
[EventType "swiss"]
[EventRounds "7"]
[EventCountry "AUT"]
[SourceTitle "EXT 2007"]
[Source "ChessBase"]
[SourceDate "2006.11.23"]
[SourceVersion "1"]
[SourceVersionDate "2006.11.23"]
[SourceQuality "1"]

1. e4 e5 2. Nf3 Nc6 3. d4 exd4 4. c3 d6 5. cxd4 Be7 6. Bc4 Nf6 7. Nc3 0-0 8. 0-0 Bg4 9. Be3 a6 10. h3 Bh5 11. a4 Qd7 12. Rc1 Bd8 13. Bd3 Ne7 14. Bg5 Bxf3 15. Qxf3 Ng6 16. Rfe1 h6 17. Bxf6 Bxf6 18. Nd5 Bd8 19. e5 c6 20. Bf5 Nh4 21. Bxd7 Nxf3+ 22. gxf3 cxd5 23. exd6 Bb6 24. Rcd1 Ba5 25. Re5 Rfd8 26. Rxd5 Bb4 27. Bf5 Rxd6 28. Rxd6 Bxd6 29. Be4 Rc8 30. Bxb7 Rb8 31. Bxa6 Rxb2 32. Bb5 Bc7 33. Kg2 Bb6 34. Kg3 g6 35. Rd3 g5 36. Kg4 Rxf2 37. d5 Kg7 38. Kf5 Re2 39. d6 f6 40. d7 h5 41. f4 Rf2 42. d8Q Rxf4+ 43. Ke6 Re4+ 44. Kd7 Bxd8 45. Kxd8 g4 46. Rd7+ Kh6 47. h4 g3 48. Rd2 Rxh4 49. Rg2 Rd4+ 50. Ke7 h4 51. Kxf6 Rf4+ 52. Ke5 Rb4 53. Kf5 Rd4 54. Be8 Rd8 55. Bc6 Rg8 56. Kf4 Kh5 57. Bf3+ Kh6 58. a5 Rg5 59. a6 Ra5 60. Bb7 Ra4+ 61. Kf5 Kg7 62. Kg5 Kf7 63. Rg1 Ke7 64. Kf5 Kd8 65. Ke6 Kc7 66. Rc1+ Kb6 67. Rc3 g2 68. Bxg2 Kxa6 69. Rb3 Rg4 70. Bc6 Rg3 71. Rb1 Rg6+ 72. Kd7 h3 73. Kc7 Rg7+ 74. Bd7 Ka5 75. Rb5+ Ka6 1-0

[Event "Seefeld Seniors op 1st"]
[Site "Seefeld"]
[Date "2005.09.19"]
[Round "1.5"]
[White "Schueler, Wolfgang"]
[Black "Bretscher, Robert"]
[Result "1-0"]
[WhiteElo "1968"]
[BlackElo "1536"]
[PlyCount "43"]
[EventDate "2005.09.19"]
[EventType "swiss"]
[EventRounds "7"]
[EventCountry "AUT"]
[SourceTitle "EXT 2007"]
[Source "ChessBase"]
[SourceDate "2006.11.23"]
[SourceVersion "1"]
[SourceVersionDate "2006.11.23"]
[SourceQuality "1"]

1. e4 e5 2. Nf3 Nc6 3. Bb5 a6 4. Ba4 Nf6 5. 0-0 b5 6. Bb3 Be7 7. Re1 d6 8. c3 0-0 9. d3 Bg4 10. Nbd2 Rb8 11. h3 Bh5 12. Nf1 h6 13. Ne3 Nh7 14. g4 Bg6 15. Nd5 Rc8 16. a4 h5 17. axb5 axb5 18. Kg2 hxg4 19. hxg4 Nf6 20. Nh4 Bh7 21. Nf5 g6 22. Nfxe7+ 1-0

[Event "Seefeld op 15th"]
[Site "Seefeld"]
[Date "2004.09.24"]
[Round "7"]
[White "Bretscher, Robert"]
[Black "Aufmwasser, Guenter"]
[Result "1/2-1/2"]
[WhiteElo "1625"]
[BlackElo "1611"]
[PlyCount "56"]
[EventDate "2004.09.18"]
[EventType "swiss"]
[EventRounds "9"]
[EventCountry "AUT"]
[SourceTitle "EXT 2005"]
[Source "ChessBase"]
[SourceDate "2004.11.15"]
[SourceVersion "1"]
[SourceVersionDate "2004.11.15"]
[SourceQuality "1"]

1. e4 c5 2. Nf3 Nc6 3. d4 cxd4 4. Nxd4 e5 5. Nb5 a6 6. Nd6+ Bxd6 7. Qxd6 Qe7 8. Qd1 Nf6 9. Nc3 0-0 10. Nd5 Nxd5 11. exd5 Nd4 12. c3 Nf5 13. Bd3 e4 14. Bc2 d6 15. 0-0 Nh4 16. Re1 f5 17. Qh5 Ng6 18. f3 Qf7 19. fxe4 fxe4 20. Be3 Re8 21. Bd4 Qf5 22. Qxf5 Bxf5 23. Re3 Re7 24. Rf1 Rf8 25. h3 Nh8 26. Rfe1 Rfe8 27. g4 Bg6 28. c4 Nf7 1/2-1/2

[Event "Seefeld op 15th"]
[Site "Seefeld"]
[Date "2004.09.21"]
[Round "4"]
[White "Michel, Jan"]
[Black "Bretscher, Robert"]
[Result "1-0"]
[WhiteElo "1482"]
[BlackElo "1625"]
[PlyCount "173"]
[EventDate "2004.09.18"]
[EventType "swiss"]
[EventRounds "9"]
[EventCountry "AUT"]
[SourceTitle "EXT 2005"]
[Source "ChessBase"]
[SourceDate "2004.11.15"]
[SourceVersion "1"]
[SourceVersionDate "2004.11.15"]
[SourceQuality "1"]

1. e4 e5 2. Nc3 Nf6 3. Bc4 Nc6 4. a3 d6 5. h3 Be7 6. d3 0-0 7. Nf3 h6 8. Bd2 a6 9. Ne2 Nh7 10. c3 Ng5 11. Nxg5 Bxg5 12. Ng1 Rb8 13. Nf3 Bf6 14. Rb1 b5 15. Bb3 Ne7 16. Be3 Bb7 17. Nd2 d5 18. exd5 Nxd5 19. Bxd5 Qxd5 20. Ne4 Bg5 21. Bxg5 hxg5 22. Qf3 f6 23. 0-0 Qd8 24. Qe3 Qd5 25. f3 Rfd8 26. Rbd1 Qb3 27. Rd2 Qd5 28. Ng3 Rd7 29. Rfd1 Rbd8 30. Ne4 Bc8 31. Nc5 Rd6 32. Kh1 Qc6 33. b4 Re8 34. Rc2 Bf5 35. g4 Bg6 36. Kh2 Bf7 37. Kg3 Red8 38. Rdd2 Bg6 39. Ne4 R6d7 40. Nf2 Qe6 41. Ne4 Rd5 42. Nf2 Qd7 43. Rd1 Bxd3 44. Rcd2 Bc4 45. Rxd5 Bxd5 46. Ne4 Qc8 47. Nc5 Rd6 48. Nd3 Bc4 49. Nf2 Qd7 50. Rxd6 Qxd6 51. Qc5 Bd5 52. Qxd6 cxd6 53. Nd1 Kf7 54. Ne3 Ke6 55. Kf2 g6 56. Kg3 Bc4 57. Kf2 d5 58. Nc2 Kd6 59. Kg3 Bb3 60. Ne1 d4 61. cxd4 exd4 62. Kf2 Bd1 63. Nd3 Kd5 64. Nc5 Kc4 65. Ne4 Kb3 66. Nxf6 Kxa3 67. Ne4 Kxb4 68. Nxg5 a5 69. Ke1 Bc2 70. Kd2 Kb3 71. Ne6 Kb2 72. Nxd4 Bb1 73. Nxb5 a4 74. f4 Be4 75. h4 Kb3 76. Nc3 a3 77. h5 gxh5 78. gxh5 Bh7 79. h6 Bf5 80. Ne2 a2 81. Nc1+ Kb2 82. Nxa2 Kxa2 83. Ke3 Kb3 84. Kd4 Kb4 85. Ke5 Bh7 86. f5 Kc5 87. f6 1-0

[Event "Seefeld op 14th"]
[Site "Seefeld"]
[Date "2003.09.20"]
[Round "8"]
[White "Theuermeister, Peter"]
[Black "Bretscher, Robert"]
[Result "1-0"]
[WhiteElo "1654"]
[BlackElo "1645"]
[PlyCount "81"]
[EventDate "2003.09.13"]
[EventType "swiss"]
[EventRounds "9"]
[EventCountry "AUT"]
[SourceTitle "CBM 097 Extra"]
[Source "ChessBase"]
[SourceDate "2004.01.13"]
[SourceVersion "1"]
[SourceVersionDate "2004.01.13"]
[SourceQuality "1"]

1. d4 Nf6 2. Nf3 g6 3. c4 Bg7 4. Nc3 0-0 5. e4 d6 6. Bd3 Nbd7 7. 0-0 e5 8. d5 Nh5 9. g3 a6 10. Be2 Nhf6 11. Bg5 h6 12. Be3 Nh7 13. Qd2 g5 14. h4 Bf6 15. hxg5 hxg5 16. Kg2 Kg7 17. Rh1 Rh8 18. Nh2 Ndf8 19. Ng4 Bxg4 20. Bxg4 Ng6 21. Rh2 Qe7 22. Rah1 Rag8 23. Bf5 Nhf8 24. Qe2 Rxh2+ 25. Rxh2 Rh8 26. Rxh8 Kxh8 27. Bc8 b6 28. Bxa6 Qd8 29. Bb5 Kg7 30. Qg4 Kh6 31. Ne2 Be7 32. Ng1 Qa8 33. a4 Qa5 34. Nf3 f6 35. Bd2 Qa8 36. Ne1 Bd8 37. Nc2 Nh7 38. Ne3 Ne7 39. Be8 Nf8 40. Qh5+ Kg7 41. Qf7+ 1-0

[Event "Bad Woerishofen op 19th"]
[Site "Bad Woerishofen"]
[Date "2003.03.21"]
[Round "9"]
[White "Schenfeld, Waldemar"]
[Black "Bretscher, Robert"]
[Result "1-0"]
[WhiteElo "1462"]
[BlackElo "1635"]
[PlyCount "97"]
[EventDate "2003.03.13"]
[EventType "swiss"]
[EventRounds "9"]
[EventCountry "GER"]
[SourceTitle "CBM 093 Extra"]
[Source "ChessBase"]
[SourceDate "2003.05.09"]
[SourceVersion "1"]
[SourceVersionDate "2003.05.09"]
[SourceQuality "1"]

1. e4 e5 2. Nf3 Nc6 3. Bb5 a6 4. Ba4 Nf6 5. Bxc6 dxc6 6. Nxe5 Qd4 7. Nf3 Qxe4+ 8. Qe2 Qxe2+ 9. Kxe2 Bc5 10. d4 Bd6 11. h3 0-0 12. Re1 Be6 13. Kf1 Rfe8 14. Bg5 Bc4+ 15. Kg1 Rxe1+ 16. Nxe1 Ne4 17. Be3 f5 18. Nd2 Nxd2 19. Bxd2 Re8 20. b3 Bf7 21. c4 b6 22. Nf3 h6 23. Kf1 g5 24. Re1 Rxe1+ 25. Kxe1 Kg7 26. Bc3 Kf8 27. Nd2 Ke7 28. b4 Ke6 29. a4 Kd7 30. Ke2 Bg6 31. c5 Be7 32. Nc4 Bh5+ 33. f3 Bd8 34. Ne5+ Ke6 35. Nxc6 Bf6 36. Nb8 bxc5 37. bxc5 Kd5 38. Nxa6 Bxd4 39. Bxd4 Kxd4 40. Kd2 Be8 41. a5 h5 42. Nxc7 Bc6 43. Ne6+ Kc4 44. Nxg5 Kxc5 45. Ke3 Kd5 46. Kf4 Bd7 47. Nh7 Kd4 48. Nf6 Bc8 49. Nxh5 1-0

[Event "Bad Woerishofen op 19th"]
[Site "Bad Woerishofen"]
[Date "2003.03.20"]
[Round "8"]
[White "Bretscher, Robert"]
[Black "Mathes, Christian"]
[Result "1/2-1/2"]
[WhiteElo "1635"]
[BlackElo "1317"]
[PlyCount "43"]
[EventDate "2003.03.13"]
[EventType "swiss"]
[EventRounds "9"]
[EventCountry "GER"]
[SourceTitle "CBM 093 Extra"]
[Source "ChessBase"]
[SourceDate "2003.05.09"]
[SourceVersion "1"]
[SourceVersionDate "2003.05.09"]
[SourceQuality "1"]

1. e4 e6 2. d4 d5 3. Nc3 Nf6 4. Bg5 Be7 5. e5 Nfd7 6. h4 a6 7. Qg4 Bxg5 8. hxg5 Qe7 9. Bd3 g6 10. Rh6 Nc6 11. Nf3 Nf8 12. Qf4 Bd7 13. Rh4 0-0-0 14. 0-0-0 Nb4 15. Be2 Be8 16. Nd2 Kb8 17. Nb3 Nc6 18. Rh3 Nd7 19. Rdh1 Nf8 20. Qe3 Bd7 21. Qf4 Be8 22. Qe3 1/2-1/2

[Event "Bad Woerishofen op 19th"]
[Site "Bad Woerishofen"]
[Date "2003.03.14"]
[Round "2"]
[White "Neubauer, Ralf"]
[Black "Bretscher, Robert"]
[Result "1-0"]
[WhiteElo "2056"]
[BlackElo "1635"]
[PlyCount "65"]
[EventDate "2003.03.13"]
[EventType "swiss"]
[EventRounds "9"]
[EventCountry "GER"]
[SourceTitle "CBM 093 Extra"]
[Source "ChessBase"]
[SourceDate "2003.05.09"]
[SourceVersion "1"]
[SourceVersionDate "2003.05.09"]
[SourceQuality "1"]

1. d4 Nf6 2. Nf3 e6 3. Bf4 c5 4. e3 Nc6 5. c3 Be7 6. h3 0-0 7. Bd3 d5 8. Nbd2 c4 9. Bc2 b5 10. 0-0 Nh5 11. Bh2 f5 12. Ne5 Nxe5 13. dxe5 g6 14. g4 Ng7 15. f4 Bc5 16. Qe1 Qb6 17. Kf2 Bb7 18. Nf3 Qc6 19. Nd4 Qd7 20. Kg1 a6 21. Bg3 Kf7 22. Kh2 Rh8 23. Bh4 h5 24. gxf5 gxf5 25. Rg1 Rh7 26. Qg3 Bxd4 27. exd4 Kg8 28. Bf6 Rf8 29. Rg2 Rf7 30. Rag1 Kf8 31. Qg6 Kg8 32. Bd1 h4 33. Bh5 1-0

[Event "Seefeld op 12th"]
[Site "Seefeld"]
[Date "2001.09.23"]
[Round "9"]
[White "Andreini, Gigliola"]
[Black "Bretscher, Robert"]
[Result "1/2-1/2"]
[WhiteElo "1564"]
[BlackElo "1679"]
[PlyCount "134"]
[EventDate "2001.09.15"]
[EventType "swiss"]
[EventRounds "9"]
[EventCountry "AUT"]
[SourceTitle "EXT 2002"]
[Source "ChessBase"]
[SourceDate "2001.11.25"]
[SourceVersion "1"]
[SourceVersionDate "2001.11.25"]
[SourceQuality "1"]

1. c4 e5 2. Nc3 Nf6 3. Nf3 d6 4. g3 Be7 5. Bg2 0-0 6. h3 Nc6 7. 0-0 Rb8 8. a3 Be6 9. d3 Qd7 10. Kh2 h6 11. e3 Nh7 12. Nd5 Bd8 13. Ng1 f5 14. f4 Qe8 15. Bd2 Ne7 16. Bc3 Ng6 17. Ba5 b6 18. Bb4 a5 19. Bd2 Nf6 20. Nc3 h5 21. Nf3 Nh7 22. Ng5 Nxg5 23. fxg5 Ne7 24. e4 g6 25. Nb5 Kg7 26. Be3 Bd7 27. Nc3 Rh8 28. h4 Rf8 29. d4 Nc6 30. Rb1 Be7 31. Nd5 Rc8 32. b4 axb4 33. axb4 fxe4 34. Rxf8 Qxf8 35. Bxe4 Bg4 36. Qd3 Bf5 37. dxe5 Nxe5 38. Qd4 Bxe4 39. Qxe4 c6 40. Nxe7 Qxe7 41. Bd4 Kh7 42. Bxe5 dxe5 43. g4 hxg4 44. Qxg4 Rd8 45. Rd1 Rxd1 46. Qxd1 e4 47. Kg2 Qe6 48. Qe2 Qe5 49. Qf2 e3 50. Qf7+ Kh8 51. Qf6+ Qxf6 52. gxf6 e2 53. Kf2 e1Q+ 54. Kxe1 Kg8 55. Ke2 Kf7 56. Kd3 Kxf6 57. Ke4 Ke6 58. Kd4 Kf5 59. b5 cxb5 60. cxb5 Kg4 61. Kd5 Kxh4 62. Kc6 g5 63. Kxb6 g4 64. Kc7 g3 65. b6 g2 66. b7 g1Q 67. b8Q Qg3+ 1/2-1/2

[Event "Bad Woerishofen op 17th"]
[Site "Bad Woerishofen"]
[Date "2001.??.??"]
[Round "7"]
[White "Bretscher, Robert"]
[Black "Antoniacci, Ricardo"]
[Result "0-1"]
[WhiteElo "1694"]
[BlackElo "2052"]
[PlyCount "114"]
[EventDate "2001.03.15"]
[EventType "swiss"]
[EventRounds "9"]
[EventCountry "GER"]
[SourceTitle "CBM 081 Extra"]
[Source "ChessBase"]
[SourceDate "2001.05.06"]
[SourceVersion "1"]
[SourceVersionDate "2001.05.06"]
[SourceQuality "1"]

1. e4 c5 2. Nf3 Nc6 3. d4 cxd4 4. Nxd4 g6 5. Be3 Bg7 6. Nc3 Nf6 7. Be2 0-0 8. 0-0 d5 9. Nxc6 bxc6 10. e5 Nd7 11. f4 e6 12. Kh1 Qa5 13. a3 Ba6 14. b4 Bxe2 15. Qxe2 Qc7 16. Na4 Nb6 17. Nb2 a5 18. Bc5 Rfe8 19. Bd6 Qd7 20. Qf2 Qb7 21. Bc5 Nd7 22. Bd6 Ra6 23. Nd3 Rea8 24. Rfb1 axb4 25. Rxb4 Rb6 26. Qd4 Bf8 27. Bxf8 Kxf8 28. c3 Ra5 29. Rxb6 Qxb6 30. Qb4+ c5 31. Qb2 Qa6 32. Nf2 Rb5 33. Qc2 c4 34. Kg1 Nc5 35. Nd1 Ra5 36. Qb2 Nb3 37. Ra2 Ke7 38. Qf2 Rxa3 39. Qh4+ Ke8 40. Rxa3 Qxa3 41. Qxh7 Qc1 42. Qh8+ Kd7 43. Qf8 Qxd1+ 44. Kf2 Qd2+ 45. Kg3 Qxc3+ 46. Kg4 Qa5 47. Qxf7+ Kd8 48. Qf8+ Kc7 49. Qd6+ Kb7 50. Qxe6 c3 51. Qxg6 Qc7 52. Qc2 Nd4 53. Qb1+ Kc6 54. f5 c2 55. Qc1 Qg7+ 56. Kh5 Qh7+ 57. Kg5 Qxf5+ 0-1

[Event "Bad Woerishofen op 17th"]
[Site "Bad Woerishofen"]
[Date "2001.??.??"]
[Round "2"]
[White "Bretscher, Robert"]
[Black "Muraziu, Nicky"]
[Result "0-1"]
[WhiteElo "1694"]
[BlackElo "1997"]
[PlyCount "82"]
[EventDate "2001.03.15"]
[EventType "swiss"]
[EventRounds "9"]
[EventCountry "GER"]
[SourceTitle "CBM 081 Extra"]
[Source "ChessBase"]
[SourceDate "2001.05.06"]
[SourceVersion "1"]
[SourceVersionDate "2001.05.06"]
[SourceQuality "1"]

1. e4 c5 2. Nf3 e6 3. d4 cxd4 4. Nxd4 a6 5. Be2 Nf6 6. Nc3 Bb4 7. f3 Qc7 8. Qd3 d5 9. 0-0 Bc5 10. Kh1 h5 11. f4 Nc6 12. Nxc6 bxc6 13. e5 Nd7 14. Qg3 g6 15. Bd3 Bb7 16. Na4 Be7 17. Qf2 c5 18. c3 g5 19. fxg5 0-0-0 20. Qxf7 Qc6 21. Qxe7 d4 22. Rg1 Qxa4 23. Qxe6 Rde8 24. Qd6 Qc6 25. cxd4 Qxd6 26. exd6 h4 27. h3 Rhf8 28. Bd2 Rf2 29. Bc3 Re3 30. Kh2 Rxd3 31. Rae1 Bd5 32. Re8+ Kb7 33. Re7 Kc6 34. Be1 Rxb2 35. g6 Kxd6 36. Bxh4 Rdd2 37. dxc5+ Nxc5 38. Rh7 Rxg2+ 39. Rxg2 Rxg2+ 40. Kh1 Rxg6+ 41. Kh2 Rg2+ 0-1